Our air force. (Record no. 552586)
[ view plain ]
| 000 -LEADER | |
|---|---|
| fixed length control field | 00665cam a22001691 4500 |
| 082 ## - DEWEY DECIMAL CLASSIFICATION NUMBER | |
| Classification number | 358.00941 |
| Author Mark | OUR |
| 245 00 - TITLE STATEMENT | |
| Title | Our air force. |
| Remainder of title | With 16 plates in colour. Over 100 photographs of activities and life in the Royal air force. |
| 260 ## - PUBLICATION, DISTRIBUTION, ETC. | |
| Place of publication, distribution, etc. | London, |
| -- | Melbourne, |
| Name of publisher, distributor, etc. | Ward, Lock & co., limited |
| Date of publication, distribution, etc. | [1940] |
| 300 ## - PHYSICAL DESCRIPTION | |
| Extent | 128 p. |
| Other physical details | col. front., illus., col. plates. |
| Dimensions | 25 x 19 cm. |
| 500 ## - GENERAL NOTE | |
| General note | "First published 1940." |
| 526 ## - STUDY PROGRAM INFORMATION NOTE | |
| Program name | 0 |
| Interest level | 0 |
| Reading level | 0 |
| Title point value | 358_009410000000000_OUR |
| 650 #0 - SUBJECT ADDED ENTRY--TOPICAL TERM | |
| Topical term or geographic name entry element | Aeronautics |
| General subdivision | Juvenile literature. |
| 9 (RLIN) | 49838 |
| 650 #0 - SUBJECT ADDED ENTRY--TOPICAL TERM | |
| Topical term or geographic name entry element | Aeronautics, Military |
| Geographic subdivision | Great Britain. |
| 9 (RLIN) | 49085 |
| 650 #0 - SUBJECT ADDED ENTRY--TOPICAL TERM | |
| Topical term or geographic name entry element | MCE |
| 9 (RLIN) | 379 |
| 710 2# - ADDED ENTRY--CORPORATE NAME | |
| Corporate name or jurisdiction name as entry element | Ward, Lock and Company, ltd. |
| 9 (RLIN) | 49839 |
| 942 ## - ADDED ENTRY ELEMENTS (KOHA) | |
| Source of classification or shelving scheme | |
| Koha item type | Book |
| Withdrawn status | Lost status | Source of classification or shelving scheme | Damaged status | Not for loan | Permanent Location | Current Location | Date acquired | Total Checkouts | Full call number | Barcode | Date last seen | Price effective from | Koha item type |
|---|---|---|---|---|---|---|---|---|---|---|---|---|---|
| Military College of Engineering (MCE) | Military College of Engineering (MCE) | 01/19/2015 | 358.00941 OUR | MCE-ECO.2 | 01/19/2015 | 01/19/2015 | Book |
